| 000 | 00367nam a2200157 i 4500 | ||
|---|---|---|---|
| 001 | bg | ||
| 245 | 0 | _aFizika nasich dnej. Sbornik. | |
| 260 |
_aMoskwa : _b"Zdanie", _c1972. |
||
| 300 |
_as. 239, nlb. 1 : _btabl., rys. |
||
| 500 | _a[Alf. ros.]. | ||
| 040 | _cBPK | ||
| 041 | _apol | ||
| 080 | _a539.1 | ||
| 942 | _cKS | ||
| 008 | s pl f |000 0 pol | ||
| 999 |
_c15337 _d15337 |
||
| 856 |
_uhttp://koha.tu.koszalin.pl/cgi-bin/koha/opac-detail.pl?biblionumber=15337 _yKatalog online BPK |
||